1668 1937 1672 1538 1380 1366 1914 1586 1079 1787 1035 1089 1010 1332 1782 1188 1797 1763 1379 1018 1861 1132 1846 1236 1125 1163 1642 1423 1370 1375 1894 1602 1688 1159 1665 1827 1563 1298 1678 1334 1559 1964 1750 1853 1142 1272 1791 1726 1237 1546 1062 1426 1332 1035 1260 1813 1868 1018 1163 1738 1098 1342 1884 1368 1954 1022 1287 1642 1173 1630 1047 1252 1219 1533 1142 1690 1281 1130 1099 1285 1413 1068 1756 1319 1388 1363 1392 1350 1887 1995 1153 1269 1716 1599 1898 1869 1191 1010 1648 BCNSPRNW ULIB Ver.6.0+V

เปลี่ยนเป็นภาษาไทย

Change to English
 แสดงรายละเอียดบรรณานุกรม
  กลับหน้าหลัก

Brief Record : Get Marc (ISO 2709) : E-mail record : QR code < ปิดหน้าต่าง
LEADER : 00000nam 2200000uu 4500
001    13399123909
003     ULIB
008    141214s2556||||th 000 0 tha d
020    ^a9786163355218
060 04 ^aWU100^bร331ป
100 0  ^aรัชดาภรณ์ เค้ามงคลกิจ
245 10 ^aปากอักเสบเหตุฟันเทียม =^bDenture stomatitis. /^cรัชดาภรณ์ เค้ามงคลกิจ
246 31 ^aDenture stomatitis
250    ^aพิมพ์ครั้งที่ 1
260    ^aเชียงใหม่ :^bทรีโอแอดเวอร์ไทซิ่งแอนด์มีเดีย,^c2556
300    ^a186 หน้า :^bภาพประกอบ ;^c25 ซม.
650  4 ^aปาก^xโรค
650  4 ^aฟันปลอม
945    ^p590^l0^i22594
945    ^p590^l0^i22595
999    ^aทศพร เกษรทอง
รายการนี้ยังไม่มีแท็ก
คุณยังไม่ได้ล็อกอิน คุณสามารถมีกิจกรรมร่วมกับเว็บไซต์ได้ แต่ต้องล็อกอินก่อน ::
  ล็อกอิน

รายการสื่อสารสนเทศ

ลำดับที่ ประเภท เลขเรียก/บาร์โค้ด สถานที่ สถานะ
1. วิทยาศาสตร์การแพทย์ และสุขภาพ
วิทยาศาสตร์การแพทย์ และสุขภาพ
สถานะ=หนังสือเก่า
WU100 ร331ป ฉ.1 
  Barcode: 22594
ห้องสมุดวิทยาเขตนครสวรรค์
►ส่วนจัดเก็บหนังสือเก่า นว.
บนชั้น
  ขอยืม
2. วิทยาศาสตร์การแพทย์ และสุขภาพ
วิทยาศาสตร์การแพทย์ และสุขภาพ
สถานะ=หนังสือเก่า
WU100 ร331ป ฉ.2 
  Barcode: 22595
ห้องสมุดวิทยาเขตนครสวรรค์
►ส่วนจัดเก็บหนังสือเก่า นว.
บนชั้น
  ขอยืม

รายการใกล้เคียง
    ผู้แต่ง [รัชดาภรณ์ เค้ามงคลกิจ]

    หัวเรื่อง [ฟันปลอม]

BibComment


ยังไม่เคยถูกคอมเมนท์

คอมเมนท์ทรัพยากรรายการนี้
  คอมเมนท์: ปากอักเสบเหตุฟัน..


 Copyright 2026. Bcnsprnw @Library